Outsourcing v riadení projektov

Problematika využívania outsourcingu v projektovom riadení. Prezentácia výsledkov dotazníkového prieskumu, v ktorom sa skúmalo využívanie outsourcingu riadenia projektov vo vybraných podnikoch na Slovensku. Analýza vplyvu jeho zavedenia na úspešnosť realizovaných projektov a celkové hospodárenie pod...

Ausführliche Beschreibung

Gespeichert in:
Bibliographische Detailangaben
1. Verfasser: Kormancová, Gabriela
Format: Buchkapitel
Sprache:Slowakisch
Schlagworte:
Tags: Tag hinzufügen
Keine Tags, Fügen Sie das erste Tag hinzu!

MARC

LEADER 00000nla a2200000 4500
001 0181305
005 20231121095001.9
041 0 |a slo 
044 |a CZ 
245 1 0 |a Outsourcing v riadení projektov  |c Gabriela Kormancová 
520 |a Problematika využívania outsourcingu v projektovom riadení. Prezentácia výsledkov dotazníkového prieskumu, v ktorom sa skúmalo využívanie outsourcingu riadenia projektov vo vybraných podnikoch na Slovensku. Analýza vplyvu jeho zavedenia na úspešnosť realizovaných projektov a celkové hospodárenie podnikov. 
610 2 0 |a riadenie projektové 
610 2 0 |a podnik 
610 2 0 |a Slovensko 
610 2 0 |a outsourcing 
100 1 |a Kormancová, Gabriela